Top 5 cities by Population - North America #2 - Statistics

General Stats
  • This quiz has been taken 17 times
  • The average score is 5 of 15
Answer Stats
Hint Answer % Correct
Guatemala Guatemala city
100%
Belize Belmopan
86%
El Salvador San Salvador
86%
Belize Belize city
71%
Guatemala Mixco
29%
El Salvador Santa Ana
29%
Belize Dangriga
14%
El Salvador Mejicanos
14%
Belize Orange Walk
14%
Guatemala Petapa
14%
Belize San Ignacio
14%
Guatemala San Juan Sacatepequez
14%
El Salvador San Miguel
14%
El Salvador Soyapango
14%
Guatemala Villa Nueva
14%
No matching quizzes found
Score Distribution
Percent of People with Each Score
Percentile by Number Answered
Your Score History
You have not taken this quiz